|
|
|
|
| LEADER |
01072nab a2200301 i 4500 |
| 001 |
publ8340 |
| 005 |
20190517134951.0 |
| 008 |
170403s2012 hu o 0|| angol d |
| 022 |
|
|
|a 0735-0414
|
| 024 |
7 |
|
|a 10.1093/alcalc/agr144
|2 doi
|
| 024 |
7 |
|
|a 1920601
|2 mtmt
|
| 040 |
|
|
|a SZTE Publicatio Repozitórium
|b hun
|
| 041 |
|
|
|a angol
|
| 100 |
1 |
|
|a Andó Bálint
|
| 245 |
1 |
0 |
|a Personality traits and coping compensate for disadvantageous decision-making in long-term alcohol abstinence
|h [elektronikus dokumentum] /
|c Andó Bálint
|
| 260 |
|
|
|c 2012
|
| 300 |
|
|
|a 18-24
|
| 490 |
0 |
|
|a ALCOHOL AND ALCOHOLISM
|v 47 No. 1
|
| 700 |
0 |
1 |
|a Must Anita
|e aut
|
| 700 |
0 |
1 |
|a Kurgyis Eszter
|e aut
|
| 700 |
0 |
1 |
|a Szkaliczki Andrea
|e aut
|
| 700 |
0 |
1 |
|a Drótos Gergely
|e aut
|
| 700 |
0 |
1 |
|a Rózsa Sándor
|e aut
|
| 700 |
0 |
1 |
|a Szikszay Petronella
|e aut
|
| 700 |
0 |
1 |
|a Horváth Szatmár
|e aut
|
| 700 |
0 |
1 |
|a Janka Zoltán
|e aut
|
| 700 |
0 |
1 |
|a Álmos Péter Zoltán
|e aut
|
| 856 |
4 |
0 |
|u http://publicatio.bibl.u-szeged.hu/8340/1/Personality%20traits%20and%20coping%20compensate%20for.pdf
|z Dokumentum-elérés
|